Aku ada wali : perjalanan sekuntum mawar berhunus duri

Bibliographic Details
Main Authors: Fatimah Syarha Mohd Noordin (Author), Farhan Hadi Mohd Taib (Author)
Format: Book
Published: Selangor : Sebarkan Bahagia Sdn. Bhd. , 2016
Subjects:

MARC

LEADER 00000cam a2200000 7i4500
001 0000240078
005 20240403143709.0
020 |a 9789671187920 
040 |a MBPJ   |b eng   |c MBPJ   |e rda 
090 0 0 |a 899.23   |b FAT 
100 0 |a Fatimah Syarha Mohd Noordin ,   |e author 
245 1 0 |a Aku ada wali :   |b perjalanan sekuntum mawar berhunus duri   |c FatimahSyarha Mohd Noordin dan Dr. Farhan Hadi Mohd Taib 
260 |a Selangor :   |b Sebarkan Bahagia Sdn. Bhd. ,   |c 2016 
300 |a 351p. :   |b ill. ;   |c 21cm. 
336 |a still image  |2 rdacontent 
336 |a text  |2 rdacontent 
337 |a unmediated  |2 rdamedia 
338 |a volume  |2 rdacarrier 
650 0 |a Malay drama 
700 0 |a Farhan Hadi Mohd Taib ,   |e author 
999 |a 00373410   |b BUKU   |c PINJAMAN   |e PERPUSTAKAAN KOMUNITI PETALING JAYA